Plánování životní úrovně Materiály ke cvičením

Enregistré dans:
Détails bibliographiques
Format: Livre
Langue:tchèque
Publié: Praha VŠE 1987
Édition:1. vyd.
Tags: Ajouter un tag
Pas de tags, Soyez le premier à ajouter un tag!

MARC

LEADER 00000nam a2200000 4500
001 c030366
005 20221219103120.6
041 0 |a cze 
044 |a CZ 
245 1 0 |a Plánování životní úrovně  |b Materiály ke cvičením 
250 |a 1. vyd. 
264 1 |a Praha  |b VŠE  |c 1987 
300 |a 118 s.